000 00498nam a2200205Ia 4500
003 0100
008 130227s9999 xx 000 0 und d
040 _cARRUPELIB
050 _aCB361.N34
100 _aNauert, G. Charles
245 _aHumanism and culture of renaissance Europe
250 _a2nd. edition
260 _aCambridge
260 _bCambridge University Press
260 _C2006
300 _ax
300 _b 253p. 23cm.
650 _bPhysics - Early works
942 _2lcc
_01
999 _c3639
_d3639